Разработка технологии изготовления свс-фильтров из интерметаллидов никеля и алюминия; Вестник науки Сибири; № 1 (1)

Bibliografiske detaljer
Parent link:Вестник науки Сибири: электронный научный журнал/ Томский политехнический университет (ТПУ).— , 2011-.— 2226-0064
№ 1 (1).— 2011.— [С. 84-90]
Hovedforfatter: Андреев Г. Г. Генрих Георгиевич
Andre forfattere: Пермяков О. Е. Олег Евгеньевич, Гузеева Т. И. Татьяна Ивановна
Summary:Заглавие с титульного листа
Приведен массовый состав исходной шихты для самораспространяющегося высокотемпературного синтеза интерметаллидов в зависимости от содержания никеля в шихте. Изложена методика и порядок технологических операций при изготовлении фильтров различных размеров и геометрической формы, а также пути регулирования пористой структуры и способы их реализации.
Sprog:russisk
Udgivet: 2011
Serier:Химия
Fag:
Online adgang:http://earchive.tpu.ru/handle/11683/14906
Format: MixedMaterials Electronisk Book Chapter
KOHA link:https://koha.lib.tpu.ru/cgi-bin/koha/opac-detail.pl?biblionumber=477417

MARC

LEADER 00000naa2a2200000 4500
001 477417
005 20231101092924.0
035 |a (RuTPU)RU\TPU\prd\144152 
035 |a RU\TPU\prd\144142 
090 |a 477417 
100 |a 20120615d2011 k y0rusy50 ca 
101 0 |a rus 
102 |a RU 
135 |a drnn ---uucaa 
181 0 |a i  
182 0 |a b 
200 1 |a Разработка технологии изготовления свс-фильтров из интерметаллидов никеля и алюминия  |f Г. Г. Андреев, О. Е. Пермяков, Т. И. Гузеева 
203 |a Текст  |c электронный 
215 |a 1 файл (852 Кб) 
225 1 |a Химия 
230 |a Электронные текстовые данные (1 файл : 852 Кб) 
300 |a Заглавие с титульного листа 
320 |a [Библиогр.: с. 90 (5 назв.)] 
330 |a Приведен массовый состав исходной шихты для самораспространяющегося высокотемпературного синтеза интерметаллидов в зависимости от содержания никеля в шихте. Изложена методика и порядок технологических операций при изготовлении фильтров различных размеров и геометрической формы, а также пути регулирования пористой структуры и способы их реализации. 
337 |a Adobe Reader 
461 1 |0 (RuTPU)RU\TPU\prd\143680  |x 2226-0064  |t Вестник науки Сибири  |o электронный научный журнал  |f Томский политехнический университет (ТПУ)  |d 2011- 
463 1 |0 (RuTPU)RU\TPU\prd\143681  |t № 1 (1)  |v [С. 84-90]  |d 2011 
610 1 |a химия 
610 1 |a самораспространяющийся высокотемпературный синтез 
610 1 |a СВС-фильтры 
610 1 |a фтор 
610 1 |a гексафторид урана 
610 1 |a фтороводород 
610 1 |a металлокерамические фильтры 
610 1 |a никель 
610 1 |a алюминий 
610 1 |a никелид алюминия 
610 1 |a интерметаллиды 
610 1 |a труды учёных ТПУ 
610 1 |a электронный ресурс 
675 |a 66.091.6:66.007.3  |v 3 
700 1 |a Андреев  |b Г. Г.  |c химик  |c профессор Томского политехнического университета, доктор технических наук  |f 1934-  |g Генрих Георгиевич  |2 stltpush  |3 (RuTPU)RU\TPU\pers\12446 
701 1 |a Пермяков  |b О. Е.  |g Олег Евгеньевич 
701 1 |a Гузеева  |b Т. И.  |c химик-технолог  |c профессор Томского политехнического университета, доктор технических наук  |f 1948-  |g Татьяна Ивановна  |2 stltpush  |3 (RuTPU)RU\TPU\pers\25574 
801 1 |a RU  |b 63413507  |c 20090623  |g PSBO 
801 2 |a RU  |b 63413507  |c 20180116  |g PSBO 
856 4 |u http://earchive.tpu.ru/handle/11683/14906 
942 |c BK